000 00452nam a2200181Ia 4500
003 LK-CoDNM
005 20240731120931.0
008 010623t1917 xxu||||| |||| 00| 1 eng d
040 _aLK-CoDNM
_dLK-CoDNM
_eLK-CoDNM
041 _aeng
080 _a8
_bG29
100 _aMacdonell,Arthur Anthony.
245 _aA Vedic reader for students
260 _bOxford
_aLondon
_c1917
300 _bxxxi, 263p ; 18 cm
650 _aVedic Hymns
942 _cBK
999 _c89048
_d89048